000 00518nam a2200205Ia 4500
003 OSt
005 20140321103947.0
008 140130s9999 xx 000 0 und d
020 _a9780439755399
050 _aPZ 7
_b.D7294Fu 2005
100 _aDorros, Arthur
245 _cArthur Dorros
_aThe Fungus that ate my school /
260 _bScholastic,
_c2005.
_aNew York :
300 _a1 v. (unpaged) :
_bcol. ill. ;
_c29 cm.
440 _v1
521 _aG1
526 _c260
942 _cBK
_2lcc
999 _c40059
_d40059